| 000 | 00660cam a2200277ua 4500 | ||
|---|---|---|---|
| 020 | _c100.00 | ||
| 041 |
_aeng _h |
||
| 082 |
_a604.2 _bJOH/EN |
||
| 100 | _aJohny, K.C . | ||
| 245 |
_aEngineering graphics, Part 1 & 2 / _cK.C.Johny. _hTextual Documents |
||
| 250 |
_a8 / _b. |
||
| 260 |
_aThrissur : _bJet publications , _c1996. |
||
| 300 | _a ; . | ||
| 365 | _a100.00 | ||
| 504 | _a | ||
| 700 | 1 | _aVarghese, P.I . | |
| 942 | _cBK | ||
| 999 |
_c10825 _d10825 |
||